| 000 | 00400nam a2200157Ia 4500 | ||
|---|---|---|---|
| 008 | 230917s9999||||xx |||||||||||||| ||und|| | ||
| 020 | _cRS35 | ||
| 040 |
_e16122 _aMAIN |
||
| 041 | _aEnglish | ||
| 082 | _a301.426 S13F | ||
| 100 | _aSiddh, Kaushal K | ||
| 245 | 0 | _aFamily planning: The religious factors | |
| 260 |
_aNew Delhi _bAbhinav Publications _c1974 |
||
| 300 | _axv, 278 p. | ||
| 942 | _cBK | ||
| 999 |
_c182056 _d182056 |
||